Statistics for Every Country with Active Volcanoes

Click here to take the quiz!

General Stats

  • This quiz has been taken 182 times
  • The average score is 49 of 65

Answer Stats

GroupAnswer% Correct
AsiaIndonesia
96%
North AmericaUnited States
95%
South AmericaChile
93%
AsiaJapan
93%
AsiaPhilippines
92%
North AmericaCanada
91%
EuropeRussia
91%
EuropeItaly
90%
North AmericaMexico
90%
South AmericaArgentina
88%
AsiaChina
88%
South AmericaEcuador
88%
South AmericaPeru
87%
South AmericaColombia
86%
South AmericaBolivia
85%
OceaniaPapua New Guinea
85%
AsiaTurkey
85%
AfricaEthiopia
84%
North AmericaGuatemala
84%
AfricaD. R. Congo
83%
EuropeGreece
83%
EuropeSpain
83%
AfricaKenya
82%
OceaniaNew Zealand
82%
AfricaTanzania
82%
OceaniaFiji
81%
North AmericaCosta Rica
80%
EuropeFrance
80%
AsiaMalaysia
80%
EuropeIceland
79%
North AmericaPanama
79%
North AmericaNicaragua
78%
OceaniaTonga
78%
AsiaIran
76%
OceaniaSolomon Islands
76%
North AmericaEl Salvador
74%
AfricaSouth Africa
74%
North AmericaDominica
71%
AfricaSudan
71%
OceaniaVanuatu
71%
AsiaNorth Korea
70%
North AmericaSaint Lucia
70%
OceaniaSamoa
70%
AfricaAlgeria
69%
North AmericaSaint Kitts and Nevis
68%
AsiaSouth Korea
68%
AfricaChad
67%
AfricaRwanda
67%
North AmericaSaint Vincent and the Grenadines
67%
AfricaEritrea
66%
North AmericaGrenada
65%
AsiaTaiwan
64%
AfricaCameroon
63%
EuropeGermany
63%
AsiaPakistan
63%
AsiaAfghanistan
60%
AfricaComoros
60%
AfricaDjibouti
60%
AsiaYemen
58%
AfricaCape Verde
57%
AfricaMadagascar
57%
AsiaSaudi Arabia
55%
AfricaLibya
54%
AfricaEquatorial Guinea
39%
EuropeNorth Macedonia
29%

Score Distribution

Percentile by Number Answered

Percent of People with Each Score

Your Score History

You have not taken this quiz